000
00360nam a2200157Ia 4500
003
0STCL
008
150530s9999 xx 000 0 und d
040
_a
STCL
_c
STCL
100
_a
Ramaseshan,S Ed.
245
_a
Indian academy of Sciences Vol-87 Jun
260
_c
1978
546
_a
English
942
_2
ddc
_c
BK
999
_c
18509
_d
18509
005
20220125165827.0